|
|
|
|
| LEADER |
00570cam a2200193 a 4500 |
| 001 |
0000097262 |
| 005 |
20080611090000.0 |
| 040 |
|
|
|a mod
|
| 041 |
|
|
|a eng
|
| 020 |
0 |
0 |
|a 0747583463
|
| 090 |
0 |
0 |
|a FK
|b SAG
|e 2006
|
| 100 |
1 |
0 |
|a Sage
|h Angie
|
| 245 |
1 |
0 |
|a My haunted house
|c as told to Angie Sage
|f illustrated by Jimmy Pickering
|
| 260 |
0 |
0 |
|a London
|b Bloomsbury
|c 2006
|
| 300 |
0 |
0 |
|a 133 p.
|b ill.
|c 14 cm
|
| 650 |
0 |
0 |
|a Children Fiction
|
| 700 |
1 |
1 |
|a Pickering
|h Jimmy
|
| 852 |
0 |
0 |
|a 01
|
| 999 |
|
|
|a 0265333
|b KEMENTAH
|d BOOKS
|e Fiksyen Kanak-Kanak (FK)
|f Perpustakaan KEMENTAH
|j AVAILABLE
|q GOOD CONDITION
|